| 000 | 00906nam a2200253 i 4500 | ||
|---|---|---|---|
| 001 | bg | ||
| 100 | 1 | _aJURGA, Jan | |
| 245 | 1 | 0 |
_aDynamika i struktura molekularna polisiarczku fenylenu modyfikowanego termicznie do celów przetwórstwa / _cJan Jurga. |
| 260 |
_aPoznań : _bWydaw. PP, _c1994. |
||
| 300 |
_a88 s. : _brys., wykr. ; _c24 cm. |
||
| 490 | 1 |
_aRozprawy / Politechnika Poznańska, _x0551-6528 ; _vnr 300 |
|
| 504 | _aBibliogr. s. 82-87. - Summ. | ||
| 650 | 9 |
_aFenyl _xzwiązki _xbadanie _xmetody |
|
| 650 | 9 |
_aFizyka jądrowa _xmetody _xstosowanie |
|
| 650 | 9 |
_aPolimery _xtechnologia |
|
| 650 | 9 |
_aRezonans magnetyczny _xstosowanie _xtechnika |
|
| 650 | 9 |
_aSiarka _xzwiązki _xbadanie _xmetody |
|
| 830 | 0 |
_aRozprawy (Politechnika Poznańska) ; _vnr 300 |
|
| 040 | _cBPK | ||
| 041 | 0 |
_apl _ben |
|
| 080 | _a541.6::678.7:539.1:537.6 | ||
| 942 | _cKS | ||
| 008 | s pl f |000 0 pol | ||
| 999 |
_c30252 _d30252 |
||
| 856 |
_uhttp://koha.tu.koszalin.pl/cgi-bin/koha/opac-detail.pl?biblionumber=30252 _yKatalog online BPK |
||